Guess the singer - R - Statistics

General Stats
  • This quiz has been taken 94 times
  • The average score is 12 of 30
Answer Stats
Hint Answer % Correct
Umbrella Rihanna
92%
Losing My Religion R.E.M.
83%
Californication Red Hot Chili Peppers
82%
Creep Radiohead
81%
Livin' La Vida Loca Ricky Martin
76%
Sympathy For the Devil The Rolling Stones
60%
Blurred Lines Robin Thicke
59%
Da Ya Think I'm Sexy? Rod Stewart
52%
Hit The Road Jack Ray Charles
47%
Can't Fight This Feeling REO Speedwagon
46%
Walk This Way Run-DMC
46%
Jessie's Girl Rick Springfield
45%
Super Freak Rick James
43%
Du Hast Rammstein
42%
Killing In The Name Rage Against The Machine
40%
I'll Be There For You The Rembrandts
37%
I Wanna Be Sedated Ramones
36%
Angels Robbie Williams
34%
Life Is a Highway Rascal Flatts
33%
The Box Roddy Ricch
31%
It Must Have Been Love Roxette
31%
Fight Song Rachel Platten
25%
Cherry Bomb The Runaways
20%
Escapism. RAYE
19%
Your Song Rita Ora
8%
Waves Robin Schulz
8%
Malamente Rosalía
8%
Feel The Love Rudimental
8%
Best Friend Rex Orange County
6%
Is There Life Out There Reba McEntire
4%
No matching quizzes found
Score Distribution
Percent of People with Each Score
Percentile by Number Answered
Your Score History
You have not taken this quiz